Datum a čas kvízu
29.5
Celkem bodů
Celkový počet nahraných bodů na tomto kvízu bez doplňovacích otázek.
2.
Pořadí na kvízu
Konečné umístění týmu na tomto kvízu.
Zaznamenané odpovědi
| # | Otázka | Odpověď | Body | Výsledky |
|---|---|---|---|---|
| 1. | Alkohol za volant nepatří. Tři... | kebab | 1 | |
| 2. | Jedna z evropských zemí si min... | ve Švédsku | 1 | |
| 3. | V pražském Žižkově přibylo sed... | Prdlavky | 1 | |
| 4. | Premiér v demisi Andrej Babiš... | horu Říp | 1 | |
| 5. | Prohrávat 0:2, dostat červenou... | Slovácko | 1 | |
| 6. | Vítězné téma facebookového hla... | Limonádový Joe (aneb koňská opera) | 0 | |
| 7. | Další otázka se bude týkat zná... | Hannibal Lecter | 1 | |
| 8. | V roce 2000 se režisér F. A. B... | 1B 2A 3C 4D | 0 | |
| 9. | „Jedno vám teda povim bejt idi... | Forrest Gump | 1 | |
| 10. | Podle knih Stephena Kinga byly... | 1C 2A 3B 4D | 0 |